| 000 | 01327nac a22003011i 4500 | ||
|---|---|---|---|
| 003 | EG-ScBUE | ||
| 005 | 20240205135949.0 | ||
| 008 | 121128n19uu u f b 000 0 ara d | ||
| 040 |
_aEG-ScBUE _bara _erda _cEG-ScBUE _dEG-ScBUE |
||
| 041 | 1 |
_aara _hper |
|
| 043 | _aa-ir--- | ||
| 082 | 0 | 4 |
_a955 _bب د ل _222 |
| 100 | 1 |
_aبدليسي، شرف خان، _dت. 949 هـ.، _eمؤلف. _931524 |
|
| 245 | 1 | 0 |
_aشرفنامه / _cألفه بالفارسية شرف خان البدليسي ؛ ترجمه إلى العربية محمد علي عوني ؛ راجعه وقدم له يحيى الخشاب. |
| 264 | 1 |
_a[القاهرة] : _bدار إحياء الكتب العربية، _c[19--؟] |
|
| 300 |
_a2 مجلد في 1 ؛ _c24 سم |
||
| 336 |
_2rdacontent _aنص _btxt |
||
| 337 |
_aبدون وسيط _2rdamedia _bn |
||
| 338 |
_aمجلد _bnc _2rdacarrier |
||
| 504 | _aيشتمل على إرجاعات ببليوجرافية. | ||
| 546 | _aالنص باللغة العربية وتم ترجمته من اللغة الفارسية. | ||
| 651 | 7 |
_aإيران _xتاريخ. _2BUEsh _931525 |
|
| 651 | 7 |
_aكردستان _xتاريخ _2BUEsh _931526 |
|
| 655 | _vReading book | ||
| 700 | 1 |
_aعوني، محمد علي، _eمترجم. _931527 |
|
| 700 | 1 |
_aخشاب، يحيى، _eمراجع، _eمقدم. _922737 |
|
| 942 |
_cBB _2ddc |
||
| 999 |
_c7383 _d7383 |
||